Nociones fundamentales del Derecho Civil / (Record no. 31112)

MARC details
000 -LEADER
campo de control de longitud fija 00549nam a2200169 i 4500
001 - NÚMERO DE CONTROL
campo de control 31112
003 - IDENTIFICADOR DE NÚMERO DE CONTROL
campo de control ES-MaACL
005 - FECHA Y HORA DE LA ÚLTIMA TRANSACCIÓN
campo de control 20230906154319.0
007 - CAMPO FIJO DE DESCRIPCIÓN FÍSICA--INFORMACIÓN GENERAL
campo de control de longitud fija t|
008 - DATOS DE LONGITUD FIJA--INFORMACIÓN GENERAL
campo de control de longitud fija 030128s1901 sp ||||1| spa d
100 1# - ENTRADA PRINCIPAL--NOMBRE DE PERSONA
Nombre de persona Bemmelen, P. van.
9 (RLIN) 27397
245 10 - MENCIÓN DEL TÍTULO
Título Nociones fundamentales del Derecho Civil /
Mención de responsabilidad, etc. por P. van Bemmelen ; traducción de José María Navarro de Palencia.
260 ## - PUBLICACIÓN, DISTRIBUCIÓN, ETC.
Lugar de publicación, distribución, etc. Madrid :
Nombre del editor, distribuidor, etc. [s.n.,
Fecha de publicación, distribución, etc. 1901] (
Fabricante J. M. Sardá)
300 ## - DESCRIPCIÓN FÍSICA
Extensión 274 p. ;
Dimensiones 23 cm.
700 1# - ENTRADA AGREGADA--NOMBRE PERSONAL
Nombre de persona Navarro de Palencia, José María.
9 (RLIN) 85117
852 ## - LOCALIZACIÓN
Ubicación ES-MaACL
Número de control de estantería F-14598
Holdings
Estatus retirado Estado de pérdida Estado de daño No para préstamo Biblioteca de origen Biblioteca actual Ubicación en estantería Fecha de adquisición Fuente de adquisición Total de préstamos Signatura topográfica completa Código de barras Visto por última vez Precio de reemplazo Tipo de ítem Koha
        Biblioteca del Ateneo de Madrid Biblioteca del Ateneo de Madrid Sala Pecera Planta 2 17/01/2008     F-14598 1032142 23/02/2023 23/02/2023 Libro impreso antiguo